| 000 | 00878cam a22002895a 4500 | ||
|---|---|---|---|
| 001 | 015748246 | ||
| 003 | OSt | ||
| 005 | 20151101131834.0 | ||
| 008 | 110202t2012 enka frb 001 0 eng d | ||
| 020 | _a9780273753568 (pbk.) | ||
| 020 | _a0273753568 (pbk.) | ||
| 040 |
_aStDuBDS _beng _cStDuBDS _dUk _dEG-ScBUE |
||
| 082 | 0 | 4 |
_a330.015195 _bGRE _222 |
| 100 | 1 |
_aGreene, William H., _d1951- _938620 |
|
| 245 | 1 | 0 |
_aEconometric analysis / _cWilliam H. Greene. |
| 250 | _a7th ed., International ed. | ||
| 260 |
_aHarlow : _bPearson Education Limited, _cc.2012. |
||
| 300 |
_a1238 p. : _bill. ; _c24 cm. |
||
| 500 | _aPrevious ed. : 2008. | ||
| 500 | _aIndex : p. 1211-1238. | ||
| 504 | _aBibliography : p. 1155-1210. | ||
| 650 | 0 |
_aEconometrics. _2BUEsh |
|
| 651 | _2BUEsh | ||
| 653 |
_bBUSECO _cNovember2015 |
||
| 655 |
_vReading book _934232 |
||
| 942 |
_2ddc _k330.015195 GRE |
||
| 999 |
_c21001 _d20973 |
||